| 000 -LEADER |
| fixed length control field |
00834nam a22001817 4500 |
| 003 - CONTROL NUMBER IDENTIFIER |
| control field |
AR-BaISA |
| 005 - DATE AND TIME OF LATEST TRANSACTION |
| control field |
20240503184229.0 |
| 007 - PHYSICAL DESCRIPTION FIXED FIELD--GENERAL INFORMATION |
| fixed length control field |
ta |
| 008 - FIXED-LENGTH DATA ELEMENTS--GENERAL INFORMATION |
| fixed length control field |
240503s1959 ag |||| |||| 000 0 spa d |
| 040 ## - CATALOGING SOURCE |
| Language of cataloging |
spa |
| Transcribing agency |
AR-BaISA |
| 082 04 - DEWEY DECIMAL CLASSIFICATION NUMBER |
| Edition number |
22 |
| Classification number |
150.195 G828 |
| 100 1# - MAIN ENTRY--PERSONAL NAME |
| 9 (RLIN) |
3381 |
| Personal name |
Greenacre, Phyllis |
| 245 10 - TITLE STATEMENT |
| Title |
Perturbaciones de la afectividad: |
| Remainder of title |
contribuciones psicoanalíticas / |
| Statement of responsibility, etc. |
Phyllis Greenacre |
| 260 ## - PUBLICATION, DISTRIBUTION, ETC. |
| Place of publication, distribution, etc. |
Buenos Aires: |
| Name of publisher, distributor, etc. |
Hormé, |
| Date of publication, distribution, etc. |
[1959?] |
| 300 ## - PHYSICAL DESCRIPTION |
| Extent |
154 p. |
| 505 ## - FORMATTED CONTENTS NOTE |
| Title |
Phyllis Greenacre / Prólogo -- |
| -- |
Edward Bibring / El mecanismo de la depresión -- |
| -- |
Edith Jacobson / Contribución a la metapsicología de la depresión ciclotímica -- |
| -- |
Elizabeth Rosenberg Zetzel / La posición depresiva -- |
| -- |
George Gero / Un equivalente de la depresión: la anorexia -- |
| -- |
Mauritis Katan / Manía y principio del placer |
| 942 ## - ADDED ENTRY ELEMENTS (KOHA) |
| Source of classification or shelving scheme |
|
| Koha item type |
Libros |
| Edition |
22 |